Alica Kulihová

Bibliographic Details
Format: Article
Language:Slovak
PhysicalDescription:Fotogr.
ISSN:0231-6269
Subjects:

MARC

LEADER 00000nab a2200000 a 4500
001 vtls009330253
003 SK-MaSNL
005 20260304150950.0
008 250506c2008 xo |r|p|||||||000 b|slo
015 |a SNBRB2008/09  |2 snkbucl 
035 |a (uuid)8898a806-8d48-4028-b183-79f1d2812b17 
035 |a urn:nbn:sk:snk-abc43o 
035 |a (urnnbn)urn:nbn:sk:snk:ar-004fco 
038 |a SNKBUCL 
040 |a SNKBUCL  |b slo  |c SNKBUCL  |e AACR2 
041 0 |a slo 
044 |a xo  |c SK 
080 |a 82:929:821.162.4  |2 2001 
080 |a 821.162.4:929  |2 2001 
080 |a 929 Kulihová, Alica  |2 2001 
080 |a 81`255.4-051  |2 2001 
245 0 0 |a Alica Kulihová 
300 |b Fotogr. 
600 1 7 |a Kulihová, Alica,  |d 1959-  |2 snkbucl  |9 132655 
773 0 |t Revue svetovej literatúry  |g Roč. XLIV, č. 2 (2008), s. 93  |x 0231-6269 
850 |a Slovenská národná knižnica 
852 |a Slovenská národná knižnica 
958 |a article15 
958 |a OND 
958 |a LX 
958 |a SK 
958 |a BX 
958 |a EUIPO 
999 |c 2940713  |d 2942643